000 00577nam a2200217Ia 4500
003 OSt
005 20241010062021.0
008 240925s9999 xx 000 0 und d
020 _a9788131520366
040 _cfd
082 _a658.403072 ZIK
100 _aZikmund, William G.; Babin, Barry J.
245 0 _aBusiness Research Methodology: a south Asian perspective
250 _a8th
260 _aNew Delhi:
_bCengage Learning
_c,2016.
300 _a112p.
_bNA
_fOriginal
500 _aIncludes Index
600 _aManagement
650 _aManagement
942 _cBK
_2ddc
999 _c14859
_d14859